| 000 | 00469nam a2200205Ia 4500 | ||
|---|---|---|---|
| 003 | OSt | ||
| 005 | 20220924133647.0 | ||
| 006 | a|||||r|||| 00| 0 | ||
| 007 | ta | ||
| 008 | 220923b |||||||| |||| 00| 0 snd d | ||
| 024 | _a267734 | ||
| 037 | _cTextual | ||
| 040 |
_aARTS _cARTS _bsnd |
||
| 041 |
_2snd _asnd |
||
| 082 | _aR41, 1593L3 | ||
| 245 | 0 | _aSachcho sathi | |
| 260 | _c1973 | ||
| 942 |
_hR41, 1593L3 _cTEXL _2CC |
||
| 999 |
_c434614 _d434614 |
||